Lagging productivity growth : causes and remedies /

Saved in:
Bibliographic Details
Other Authors: Meltz, Noah M., Maital, Shlomo
Format: Book
Language:English
Published: Cambridge, MA : Ballinger Pub. Co., c1980.
Subjects:
LEADER 01337cam a2200361 a 4500
001 c000271056
003 CARM
005 20070906152152.0
008 800522s1980 maua b 101 0 eng
010 |a 80017415 
019 1 |a 1740074  |5 LACONCORD2021 
020 |a 0884106896 
035 |a (OCoLC)6422330  |5 LACONCORD2021 
040 |a LC  |b eng  |c LC  |d NNCU:A 
043 |a n-cn---  |a n-us--- 
050 4 |a HD56  |b .L33 
050 0 0 |a HD56  |b .L33 
082 0 4 |a 338/.06  |2 19 
082 0 4 |a 338/.06 
245 0 0 |a Lagging productivity growth :  |b causes and remedies /  |c edited by Shlomo Maital, Noah M. Meltz. 
260 |a Cambridge, MA :  |b Ballinger Pub. Co.,  |c c1980. 
300 |a xvii, 303 p. :  |b ill. ;  |c 24 cm. 
500 |a Papers from a colloquium held in Toronto, Canada, May 23-25, 1979. 
500 |a Includes index. 
504 |a Bibliography: p. 275-294. 
650 0 |a Industrial productivity  |x Congresses. 
650 0 |a Industrial productivity  |z United States  |x Congresses. 
650 0 |a Industrial productivity  |z Canada  |x Congresses. 
700 1 |a Meltz, Noah M. 
700 1 |a Maital, Shlomo. 
852 8 |b CARM  |h A1:AN21G0  |i B08779  |p 0390369  |f BK 
999 f f |i 77990a31-07ed-5504-9f44-84df572c07c4  |s 14a753a9-2770-568d-81cd-f10cb1798b29 
952 f f |p Can circulate  |a CAVAL  |b CAVAL  |c CAVAL  |d CARM 1 Store  |e B08779  |f A1:AN21G0  |h Other scheme  |i book  |m 0390369